Normal view
MARC view
- MS-TEE Thesis MSThesis
Entry Topical Term
001 - CONTROL NUMBER
- control field: 116757
003 - CONTROL NUMBER IDENTIFIER
- control field: NUST
005 - DATE AND TIME OF LATEST TRANSACTION
- control field: 20230912170035.0
008 - FIXED-LENGTH DATA ELEMENTS
- fixed length control field: 230912|| aca||aabn | a|a d
040 ## - CATALOGING SOURCE
- Original cataloging agency: NUST
- Transcribing agency: NUST
150 ## - HEADING--TOPICAL TERM
- Topical term or geographic name entry element: MS-TEE Thesis MSThesis
670 ## - SOURCE DATA FOUND
- Source citation: Work cat.: (NUST): Tahir Javed (00000277727) 116756, Experimental Investigation of Swirl Flow in a Ribbed Cylindrical Container using Particle Image Velocimetry /, 2022
